000 00437nam a2200157 i 4500
001 69470
003 ES-MaACL
005 20230906170528.0
007 t|
008 040706s1925 sp ||||1| spa d
100 1 _aGarcía Cobacho, Juan.
_954374
245 1 0 _aDel Madrid chulesco
_b: poesías festivas /
_cJuan García Cobacho.
260 _aMadrid :
_bJulio Cosano,
_c1925.
300 _a220 p. ;
_c19 cm.
852 _aES-MaACL
_jF-1589
999 _c69470
_d69470